| 000 -ლიდერი |
| ფიქსირებული სიგრძის საკონტროლო ველი |
01648nam a22002537a 4500 |
| 003 - საკონტროლო ნომრის იდენტიფიკატორი |
| საკონტროლო ველი |
Ge_BSU |
| 005 - ბოლო ოპერაციის თარიღი და დრო |
| საკონტროლო ველი |
20250423162818.0 |
| 008 - ფიქსირებული სიგრძის მონაცემთა ელემენტები - ზოგადი ინფორმაცია |
| ფიქსირებული სიგრძის საკონტროლო ველი |
250423s2008 ge ||||| |||| 00| 0 geo d |
| 020 ## - წიგნის საერთაშორისო სტანდარტული ნომერი |
| International Standard Book Number |
9789994052936 |
| 041 ## - ენის კოდი |
| Language code of text/sound track or separate title |
geo |
| 080 ## - უნივერსალური ათობითი კლასიფიკაციის ინდექსი |
| Universal Decimal Classification number |
574(072) : 502.1(072) მ-50 |
| 245 ## - ცნობა სათაურის შესახებ |
| Title |
მეთოდური მითითებანი ლაბორატორიული სამუშაოებისათვის საგანში ეკოლოგიისა და გარემოს დაცის საფუძვლები / |
| Statement of responsibility, etc |
[ბ. ბუცხრიკიძე, ც. თურქაძე, ვ. კვანტიძე, ნ. ცუცქირიძე] ; საქ. განათლ. და მეცნ. სამინ., აკ. წერეთლის სახელმწ. უნ-ტი. |
| 264 ## - წარმოების, გამოცემის, დისტრიბუციის და სხვა ცნობები |
| გამოცემის, წარმოების, დისტრიბუციის... ადგილი |
ქუთაისი, |
| გამოცემის, წარმოების, დისტრიბუციის... თარიღი |
2008. |
| 300 ## - ფიზიკური აღწერა |
| Extent |
180გვ. : |
| Other physical details |
ცხ. ; |
| Dimensions |
20სმ. |
| 504 ## - BIBLIOGRAPHY, ETC. NOTE |
| Bibliography, etc |
ბიბლიოგრ.: გვ. 180. |
| 653 ## - INDEX TERM--UNCONTROLLED |
| Uncontrolled term |
ეკოლოგია-მეთოდური სახელმძღვანელოები |
| 653 ## - INDEX TERM--UNCONTROLLED |
| Uncontrolled term |
გარემოს დაცვა |
| 700 ## - ADDED ENTRY--PERSONAL NAME |
| Personal name |
ბუცხრიკიძე, ბ. |
| Relator term |
ავტორი |
| 9 (RLIN) |
23313 |
| 700 ## - ADDED ENTRY--PERSONAL NAME |
| Personal name |
თურქაძე, ც. |
| Relator term |
ავტორი |
| 9 (RLIN) |
23312 |
| 700 ## - ADDED ENTRY--PERSONAL NAME |
| Personal name |
კვანტიძე, ვ. |
| Relator term |
ავტორი |
| 9 (RLIN) |
24920 |
| 700 ## - ADDED ENTRY--PERSONAL NAME |
| Personal name |
ცუცქირიძე, ნ. |
| Relator term |
ავტორი |
| 9 (RLIN) |
24921 |
| 710 ## - ADDED ENTRY--CORPORATE NAME |
| Corporate name or jurisdiction name as entry element |
საქ. განათლ. და მეცნ. სამინ., აკ. წერეთლის სახელმწ. უნ-ტი |
| 9 (RLIN) |
24922 |
| 942 ## - ADDED ENTRY ELEMENTS (KOHA) |
| Source of classification or shelving scheme |
|
| Koha item type |
წიგნი |